Statistics for Sightseeing in German cities

Click here to take the quiz!

General Stats

  • This quiz has been taken 26 times
  • The average score is 8 of 12

Answer Stats

Answer% Correct
Berlin
100%
Cologne
96%
Hamburg
96%
Bremen
92%
Frankfurt
92%
Munich
88%
Potsdam
54%
Lübeck
50%
Hannover
46%
Heidelberg
42%
Augsburg
31%
Regensburg
27%

Score Distribution

Percentile by Number Answered

Percent of People with Each Score

Your Score History

You have not taken this quiz